Canadian Provinces and Their Capital - Statistics

General Stats
  • This quiz has been taken 16 times
  • The average score is 9 of 13
Answer Stats
Province Capital % Correct
Quebec Quebec City
93%
Newfoundland & Labrador St. John
87%
Ontario Toronto
87%
Manitoba Winnipeg
87%
Alberta Edmonton
80%
Nova Scotia Halifax
80%
British Columbia Victoria
73%
Saskatchewan Regina
67%
Yukon Territory Whitehorse
67%
Northwest Territories Yellowknife
60%
Nunavut Iqaluit
47%
Prince Edward Island Charlottetown
33%
New Brunswick Fredricton
20%
No matching quizzes found
Score Distribution
Percent of People with Each Score
Percentile by Number Answered
Your Score History
You have not taken this quiz